Statistiques concernant Les pays de l'UE les moins religieux

Cliquez ici pour prendre le quiz!

Statistiques générales

  • Ce quiz a été pris 476 fois
    (357 depuis la dernière actualisation)
  • Le résultat moyen est 6 sur 10

Statistiques - réponses

%Pays non religieux% Correct
27France
91%
18Suède
86%
33Finlande
80%
37Belgique
73%
28Pays-Bas
71%
28Danemark
68%
18Estonie
54%
16Republiqué Tchèque
44%
32Slovenie
33%
36Bulgarie
22%

Distribution des résultats

Percentile par nombre de réponses

% des personnes avec chaque résultat

Votre développement - résultats

Vous n’avez pas pris ce quiz depuis la dernière actualisation